000 00487nam a22001337a 4500
008 160416b xxu||||| |||| 00| 0 eng d
082 _22005
_aUT 0127
_bM36
100 _95788
_aMartinez, Iris Jane G.
245 _aQualities of Lupong Tagapamayapa at Barangay Poblacion, Matanao Davao del Sur/
_cIris Jane G. Martinez.
260 _aDigos City:
_bUMDC
_cMarch 2005.
300 _a44 pages.
_c29 cm.
650 0 _95789
_aLiberal Arts
_vPolitical Science
_xUndergraduate thesis.
942 _2ddc
_cUT
999 _c1824
_d1824